| 000 | 007080000a22002050004500 | ||
|---|---|---|---|
| 090 |
_aAR _b00263 |
||
| 245 | 1 | 0 | _aZur biologie von Bolitoglossa mexicana: freilandbeobachtungen, pflege und nachzucht |
| 650 | 1 | 4 |
_aHerpetofauna _94239 |
| 650 | 1 | 4 |
_aSalamandras _993105 |
| 650 | 1 | 4 |
_aEcología animal _993102 |
| 650 | 1 | 4 |
_aReproducción animal _987770 |
| 650 | 1 | 4 |
_aReproducción en cautiverio _992691 |
| 651 | 4 |
_lParque Nacional Pico Bonito _dAtlantida _pHonduras _992749 |
|
| 653 |
_fPlethodontidae _gBolitoglossa _eBolitoglossa mexicana |
||
| 041 | 0 | _aAlemán | |
| 700 | 1 |
_aKöhler, Gunther _937096 |
|
| 100 | 1 |
_aSchmidt, Alfred A. _993106 |
|
| 942 | _cARTICULO | ||
| 773 | 1 |
_tSalamandra _388 _h4 _q275-284 _d1996 _g32 |
|
| 999 |
_c9363 _d9363 |
||